অল্প কথার গল্প গান (Record no. 21780)
[ view plain ]
| 000 -LEADER | |
|---|---|
| fixed length control field | 00700nam a22001937a 4500 |
| 005 - DATE AND TIME OF LATEST TRANSACTION | |
| control field | 20260304115932.0 |
| 008 - FIXED-LENGTH DATA ELEMENTS--GENERAL INFORMATION | |
| fixed length control field | 260304b ||||| |||| 00| 0 eng d |
| 020 ## - INTERNATIONAL STANDARD BOOK NUMBER | |
| International Standard Book Number | 978-984-96620-5-1 |
| 040 ## - CATALOGING SOURCE | |
| Original cataloging agency | BD-DhBCSAA |
| Transcribing agency | BD-DhBCSAA |
| Modifying agency | BD-DhBCSAA |
| 082 ## - DEWEY DECIMAL CLASSIFICATION NUMBER | |
| Edition number | 1st ed |
| Classification number | 780 |
| Author mark | আনআ |
| 100 ## - MAIN ENTRY--PERSONAL NAME | |
| Personal name | গাজী মাজহারুল আনোয়ার |
| 9 (RLIN) | 29264 |
| 245 ## - TITLE STATEMENT | |
| Title | অল্প কথার গল্প গান |
| 246 ## - VARYING FORM OF TITLE | |
| Title proper/short title | অল্প কথার গল্প গান |
| 260 ## - PUBLICATION, DISTRIBUTION, ETC. | |
| Place of publication, distribution, etc. | ঢাকাঃ |
| Name of publisher, distributor, etc. | আনাআ |
| Date of publication, distribution, etc. | 1st published, 2022 |
| 300 ## - PHYSICAL DESCRIPTION | |
| Extent | ১৯৭পৃ.; |
| Dimensions | ২২সেমি |
| 590 ## - Cataloguer Name | |
| Local note | mewa |
| 650 ## - SUBJECT ADDED ENTRY--TOPICAL TERM | |
| Topical term or geographic name entry element | সংগীত সংগ্রহ |
| 9 (RLIN) | 29265 |
| 942 ## - ADDED ENTRY ELEMENTS (KOHA) | |
| Source of classification or shelving scheme | |
| Koha item type | Books |
| Withdrawn status | Lost status | Source of classification or shelving scheme | Materials specified (bound volume or other part) | Damaged status | Not for loan | Home library | Current library | Shelving location | Date acquired | Full call number | Barcode | Date last seen | Koha item type | Total Checkouts |
|---|---|---|---|---|---|---|---|---|---|---|---|---|---|---|
| অল্প কথার গল্প গান। ২য় খন্ড | Bangladesh Civil Service Administration Academy Library | Bangladesh Civil Service Administration Academy Library | Ground Floor | 03/04/2026 | 780 আনআ | 47344 | 03/04/2026 | Books | ||||||
| অল্প কথার গল্প গান। ৩য় খন্ড | Bangladesh Civil Service Administration Academy Library | Bangladesh Civil Service Administration Academy Library | Ground Floor | 03/04/2026 | 780 আনআ | 47347 | 03/04/2026 | Books | ||||||
| অল্প কথার গল্প গান। ৪তুর্থ খন্ড | Bangladesh Civil Service Administration Academy Library | Bangladesh Civil Service Administration Academy Library | Ground Floor | 03/04/2026 | 780 আনআ | 47346 | 03/04/2026 | Books | ||||||
| অল্প কথার গল্প গান। ১ম খন্ড ক্রয় করা হয়নি | Bangladesh Civil Service Administration Academy Library | Bangladesh Civil Service Administration Academy Library | 03/04/2026 | 780 আনআ | 03/04/2026 | Books |
